|
|
|
|
| LEADER |
00771cam a2200193 a 4500 |
| 001 |
0000072885 |
| 005 |
20040714090000.0 |
| 040 |
|
|
|a mod
|
| 041 |
|
|
|a eng
|
| 020 |
0 |
0 |
|a 1862271461
|
| 090 |
0 |
0 |
|a 940.54343
|b REY
|e 2002
|
| 100 |
1 |
0 |
|a Reynolds
|h Michael, 1930-
|
| 245 |
1 |
0 |
|a Sons of the Reich
|b the history of II SS Panzer Corps in Normandy, Arnhem, the Ardennes and on the Eastern Front
|c by Michael Reynolds.
|
| 260 |
0 |
0 |
|a Staplehurst
|b Spellmount
|c 2002.
|
| 300 |
0 |
0 |
|a xix, 360 p., [16] p. of plates
|b ill., maps
|c 24 cm.
|
| 650 |
0 |
0 |
|a World War, 1939-1945 Regimental histories Germany.
|
| 650 |
0 |
0 |
|a Germany. Heer. Panzerdivision, 2
|
| 650 |
0 |
0 |
|a History World War, 1939-1945.
|
| 999 |
|
|
|a 0226936
|b MK Pemerintahan Medan Barat TD
|d BOOKS
|e Umum
|f Markas Medan Sg. Besi KL
|j AVAILABLE
|q GOOD CONDITION
|